| 000 | 01092cam a2200277 a 4500 | ||
|---|---|---|---|
| 001 | 000006311 | ||
| 005 | 20200929153920.0 | ||
| 008 | 830622s1981 sp h b 001 0aspa | ||
| 020 | _z8400049096 | ||
| 040 |
_aDO-SdBNP _bspa _cDLC _dBNPHU |
||
| 082 |
_a860.5 _bG724d |
||
| 100 | 1 |
_aGoya, Francisco de, _d1746-1828. _917604 |
|
| 245 | 1 | 0 |
_aDiplomatario / _cFrancisco de Goya ; edición preparada por Ángel Canellas López. |
| 260 |
_aZaragoza, España : _bInstitución Fernando el Católico de la Exma. Diputacion de Zaragoza, C.S.I.C., _c1981. |
||
| 300 |
_a590 p. : _bfacsims. ; _c27 cm. |
||
| 490 | 1 |
_aInstitución Fernando el Católico _v826 |
|
| 504 | _aIncluye referencias Bibliográficas (p. 555-563). | ||
| 500 | _aIncluye índices. | ||
| 600 | 1 | 4 |
_aGOYA, FRANCISCO, _d1746-1828. _917605 |
| 650 | 4 |
_aArtista _zEspaña _xCorrespondencia _917606 |
|
| 600 | 1 | 4 |
_aGOYA, FRANCISCO, _d1746-1828 _xAUTÓGRAFOS _917607 |
| 700 | 1 |
_aCanellas López, Ángel. _eed. _917608 |
|
| 830 | 0 |
_aInstitución Fernando el Católico ; _v826 _916722 |
|
| 910 | _aCatalogación por copia / LC | ||
| 049 | _aBNGR | ||
| 999 |
_c6106 _d6106 |
||